Mesa cultural

Đã lưu trong:
Chi tiết về thư mục
Tác giả của công ty: Instituto de Cooperación Iberoaméricana
Định dạng: Texto
Được phát hành: Madrid: Huertas
Các nhãn: Thêm thẻ
Không có thẻ, Là người đầu tiên thẻ bản ghi này!

MARC

LEADER 00000 a a2200000 04500
001 25465
003
040
090 |a 152528  
110 |a Instituto de Cooperación Iberoaméricana  
245 |a Mesa cultural  
260 |a Madrid:   |b Huertas  
300 |a 516 p.   |b il.  
999 |c 11561  |d 11561